Real-financial Interaction in Contemporary Models of AS-AD Growth : (Record no. 612897)

MARC details
000 -LEADER
fixed length control field 00558nam a2200193 a 4500
008 - FIXED-LENGTH DATA ELEMENTS--GENERAL INFORMATION
fixed length control field 260217s2003##################000#0#eng##
020 ## - INTERNATIONAL STANDARD BOOK NUMBER
ISBN 9783631503171
082 04 - DEWEY DECIMAL CLASSIFICATION NUMBER
Classification number 330.1
Item number KOP
100 1# - MAIN ENTRY--AUTHOR NAME
Personal name Koeper, Carsten,
245 10 - TITLE STATEMENT
Title Real-financial Interaction in Contemporary Models of AS-AD Growth :
260 ## - PUBLICATION, DISTRIBUTION, ETC. (IMPRINT)
Name of publisher Peter Lang Pub Incorporated,
Year of publication 2003.
300 ## - PHYSICAL DESCRIPTION
Number of Pages 162 pages
650 #0 - SUBJECT ADDED ENTRY--TOPICAL TERM
Topical Term Business & Economics.
942 ## - ADDED ENTRY ELEMENTS (KOHA)
Koha item type English Books
Holdings
Withdrawn status Lost status Damaged status Not for loan Home library Current library Shelving location Date acquired Full call number Accession Number Price effective from Koha item type
        Anna Centenary Library Anna Centenary Library 4TH FLOOR, A WING 17.02.2026 330.1 KOP 215254 17.02.2026 English Books

Find us on the map